| 000 | 00836nam a22003017a 4500 | ||
|---|---|---|---|
| 001 | 0045840 | ||
| 003 | KOHA_MİRAKIL | ||
| 005 | 20260207003459.0 | ||
| 007 | ta | ||
| 008 | 140626b2010 tu |||gr||||#||||0|tur | | ||
| 020 | _a9789755400174 | ||
| 040 |
_aTR-BiSEU _btur _cTR-BiSEU _erda |
||
| 041 | 0 | _atur | |
| 044 | _ctu | ||
| 050 |
_aTA404 _b.O53 2010 |
||
| 100 | 1 | _aOnaran, Kaşif. | |
| 245 | 1 |
_aMalzeme bilimi/ _cKaşif Onaran ; Kaşif Onaran. |
|
| 250 | _a12. Baskı | ||
| 264 | 1 |
_aİstanbul : _bBilim Teknik Yayınevi _c2010 |
|
| 300 |
_aXV,383 sayfa ; _c23 cm. |
||
| 336 |
_ametin _btxt _2rdacontent |
||
| 337 |
_aaracısız _bn _2rdamedia |
||
| 338 |
_acilt _bnc _2rdacarrier |
||
| 500 | _aDizin var. | ||
| 650 | 0 |
_aMalzemeler. _91661 |
|
| 650 | 0 |
_aMaterials science--Study and teaching. _984391 |
|
| 942 |
_2lcc _cBK |
||
| 999 |
_c45809 _d45809 |
||